[Event "SVK-chT4 A22 1718"]
[Site "Slovakia"]
[Date "2018.02.11"]
[Round "9.6"]
[White "Hornak, Pavol"]
[Black "Steinecker, Frantisek"]
[Result "1-0"]
[WhiteElo "1781"]
[BlackElo "1556"]
[PlyCount "32"]
[EventDate "2017.10.01"]
[EventType "team-tourn"]
[EventRounds "11"]
[EventCountry "SVK"]
[SourceTitle "EXT 2020"]
[Source "ChessBase"]
[SourceDate "2019.10.17"]
[SourceVersion "1"]
[SourceVersionDate "2019.10.17"]
[SourceQuality "1"]

1. d4 d6 2. c4 g6 3. Nc3 Bg7 4. e4 c6 5. h3 Nf6 6. Nf3 0-0 7. Bd3 Na6 8. 0-0 Nc7 9. Qc2 Nd7 10. Be3 e5 11. d5 c5 12. a3 Nf6 13. b4 b6 14. Rab1 Nh5 15. Ne2 Bd7 16. Bd2 Qf6 1-0

[Event "SVK-chT4 A22 1415"]
[Site "Slovakia"]
[Date "2014.10.12"]
[Round "1.5"]
[White "Barca, Michal"]
[Black "Steinecker, Frantisek"]
[Result "1-0"]
[WhiteElo "1803"]
[BlackElo "1694"]
[PlyCount "97"]
[EventDate "2014.10.12"]
[EventType "team-tourn"]
[EventRounds "11"]
[EventCountry "SVK"]
[SourceTitle "EXT 2019"]
[Source "ChessBase"]
[SourceDate "2018.10.10"]
[SourceVersion "1"]
[SourceVersionDate "2018.10.10"]
[SourceQuality "1"]

1. c4 e5 2. Nf3 Nc6 3. Nc3 Bc5 4. g3 d6 5. Bg2 Nf6 6. 0-0 0-0 7. d3 Bg4 8. Bg5 h6 9. Bxf6 Qxf6 10. Ne4 Qe6 11. Nxc5 dxc5 12. Re1 Rad8 13. Nd2 f5 14. Bd5 Rxd5 15. cxd5 Qxd5 16. Qb3 Qxb3 17. Nxb3 b6 18. Kg2 f4 19. a3 a5 20. Rac1 a4 21. Nd2 Nd4 22. f3 Be6 23. Nc4 fxg3 24. hxg3 Nc6 25. Rh1 Bf7 26. f4 exf4 27. gxf4 Nd4 28. Kf2 Bd5 29. Rh4 g5 30. Rg1 Nf5 31. Rh3 Be6 32. Rh2 Ng7 33. Rxh6 Rxf4+ 34. Ke1 Rf5 35. Rg6 b5 36. Nd2 c4 37. R1xg5 Rxg5 38. Rxg5 c6 39. dxc4 bxc4 40. Ra5 Nf5 41. Nxc4 Nd4 42. Rxa4 Kf8 43. Ne5 c5 44. Ra7 Ke8 45. e4 c4 46. a4 Kd8 47. a5 Kc8 48. a6 Nb5 49. Re7 1-0

[Event "SVK-chT3A2 1213"]
[Site "Slovakia"]
[Date "2013.02.24"]
[Round "9.6"]
[White "Drgon, Matus"]
[Black "Steinecker, Frantisek"]
[Result "1-0"]
[WhiteElo "1643"]
[BlackElo "1708"]
[PlyCount "71"]
[EventDate "2012.10.07"]
[EventType "team-tourn"]
[EventRounds "11"]
[EventCountry "SVK"]
[SourceTitle "EXT 2015"]
[Source "ChessBase"]
[SourceDate "2014.11.20"]
[SourceVersion "1"]
[SourceVersionDate "2014.11.20"]
[SourceQuality "1"]
[WhiteTeam "Hlohovec SK Zentiva"]
[BlackTeam "Trnava Lokomotiva Solartec III"]
[WhiteTeamCountry "SVK"]
[BlackTeamCountry "SVK"]

1. d4 Nf6 2. c4 d6 3. Nc3 g6 4. e4 Bg7 5. f3 c6 6. Be3 0-0 7. Qd2 e5 8. d5 c5 9. 0-0-0 Bd7 10. g4 a6 11. h4 h5 12. gxh5 Nxh5 13. Nh3 b5 14. f4 bxc4 15. Be2 Qc8 16. Bxh5 gxh5 17. f5 f6 18. Rdg1 Bxf5 19. exf5 Qxf5 20. Bh6 Ra7 21. Rg3 Kh7 22. Bxg7 Rxg7 23. Rxg7+ Kxg7 24. Rg1+ Kf7 25. Qg2 Qh7 26. Nf2 Nd7 27. Nfe4 Ke7 28. Qh3 Rg8 29. Qe6+ Kf8 30. Qxd6+ Ke8 31. Qe6+ Kf8 32. Rxg8+ Qxg8 33. Qd6+ Ke8 34. Qxd7+ Kf8 35. Qd8+ Kf7 36. Qxf6+ 1-0

[Event "SVK-chT2A 0910"]
[Site "Slovakia"]
[Date "2009.10.10"]
[Round "1.8"]
[White "Steinecker, Frantisek"]
[Black "Srna, Jan"]
[Result "1-0"]
[WhiteElo "1712"]
[BlackElo "2008"]
[PlyCount "89"]
[EventDate "2009.10.10"]
[EventType "team-tourn"]
[EventRounds "11"]
[EventCountry "SVK"]
[SourceTitle "EXT 2011"]
[Source "ChessBase"]
[SourceDate "2010.11.26"]
[SourceVersion "1"]
[SourceVersionDate "2010.11.26"]
[SourceQuality "1"]
[WhiteTeam "Trnava Lokomotiva II"]
[BlackTeam "Pezinok KS"]
[WhiteTeamCountry "SVK"]
[BlackTeamCountry "SVK"]

1. e4 e6 2. d4 d5 3. Nc3 Bb4 4. e5 c5 5. a3 Ba5 6. Nf3 Nc6 7. Bb5 Bd7 8. Bxc6 Bxc6 9. dxc5 Bxc3+ 10. bxc3 Bb5 11. Nd4 Ba6 12. Qg4 g6 13. Nb3 Ne7 14. Bg5 Qc7 15. Bf6 Rg8 16. Qa4+ Kf8 17. g4 Bc4 18. Qa5 Qc8 19. Bxe7+ Kxe7 20. Nd4 f6 21. f4 fxe5 22. fxe5 Qb8 23. 0-0-0 Rf8 24. c6 Kf7 25. cxb7 Qxb7 26. Rd2 Qe7 27. h4 Kg8 28. Qb4 Qf7 29. Qd6 Rae8 30. Rhh2 Qf1+ 31. Kb2 Rb8+ 32. Nb3 Bxb3 33. Qxe6+ Kg7 34. cxb3 Qc4 35. b4 Rf3 36. Rc2 Rc8 37. Qd7+ Rf7 38. Qa4 Rf1 39. Qxa7+ Kg8 40. h5 Rf7 41. Qd4 Qc6 42. hxg6 hxg6 43. e6 Rg7 44. Rce2 Rcc7 45. e7 1-0

[Event "SVK-chT3A2 0809"]
[Site "Slovakia"]
[Date "2008.11.30"]
[Round "3.8"]
[White "Kozinka, Jan"]
[Black "Steinecker, Frantisek"]
[Result "1/2-1/2"]
[WhiteElo "1767"]
[BlackElo "1723"]
[PlyCount "125"]
[EventDate "2008.10.19"]
[EventType "team-tourn"]
[EventRounds "11"]
[EventCountry "SVK"]
[SourceTitle "EXT 2010"]
[Source "ChessBase"]
[SourceDate "2010.11.25"]
[SourceVersion "1"]
[SourceVersionDate "2010.11.25"]
[SourceQuality "1"]
[WhiteTeam "Trnava Modranka"]
[BlackTeam "Trnava Lokomotiva III"]
[WhiteTeamCountry "SVK"]
[BlackTeamCountry "SVK"]

1. d4 Nf6 2. c4 d6 3. Nc3 g6 4. e4 Bg7 5. Be2 0-0 6. Nf3 c6 7. h3 Nbd7 8. 0-0 e5 9. dxe5 Nxe5 10. Nxe5 dxe5 11. Qxd8 Rxd8 12. Bg5 Be6 13. Rfd1 Rd4 14. Be3 Rd7 15. Na4 b6 16. f3 Rad8 17. Rxd7 Rxd7 18. Rd1 Nh5 19. Rxd7 Bxd7 20. Kf2 f5 21. Nc3 f4 22. Bd2 Bf8 23. Ke1 Be6 24. Bd3 Nf6 25. Ne2 g5 26. g4 fxg3 27. Bxg5 Nd7 28. b3 Bxh3 29. Nxg3 Nc5 30. Bf1 Bxf1 31. Kxf1 h6 32. Be3 Kf7 33. Ke2 Ne6 34. Kf2 Kg6 35. Nf5 h5 36. Kg3 Ng7 37. Nh4+ Kf6 38. f4 Bb4 39. Nf3 exf4+ 40. Bxf4 Ne6 41. Be5+ Kg6 42. Bb8 Nc5 43. Kf4 Nd3+ 44. Ke3 Nc1 45. Ne5+ Kg5 46. Nxc6 Bc5+ 47. Kf3 Nxa2 48. Bf4+ Kf6 49. Nxa7 Nb4 50. Nb5 h4 51. Kg4 Bf2 52. Nc3 Nd3 53. Nd5+ Ke6 54. Bc7 Ne5+ 55. Kh3 Nd7 56. b4 Kf7 57. Bd8 Ke6 58. Bc7 Kf7 59. Kg4 Ke6 60. Nf4+ Kf7 61. Nd3 Nf6+ 62. Kf3 Bd4 63. Nf4 1/2-1/2

[Event "SVK-chT2A 0809"]
[Site "Slovakia"]
[Date "2008.11.09"]
[Round "4.8"]
[White "Steinecker, Frantisek"]
[Black "Hoferek, Peter"]
[Result "1/2-1/2"]
[WhiteElo "1723"]
[BlackElo "1892"]
[PlyCount "103"]
[EventDate "2008.10.11"]
[EventType "team-tourn"]
[EventRounds "11"]
[EventCountry "SVK"]
[SourceTitle "EXT 2010"]
[Source "ChessBase"]
[SourceDate "2010.11.25"]
[SourceVersion "1"]
[SourceVersionDate "2010.11.25"]
[SourceQuality "1"]
[WhiteTeam "Trnava Lokomotiva II"]
[BlackTeam "Bratislava Slavia STU"]
[WhiteTeamCountry "SVK"]
[BlackTeamCountry "SVK"]

1. e4 e5 2. Bc4 Bc5 3. Nf3 Nc6 4. c3 Nf6 5. d3 0-0 6. 0-0 d6 7. b4 Bb6 8. Bg5 h6 9. Be3 Be6 10. Nbd2 Ng4 11. Qe1 Bxc4 12. Nxc4 Ne7 13. Bd2 f5 14. Nxb6 axb6 15. h3 Nf6 16. Nh2 f4 17. Rd1 Rxa2 18. d4 Qe8 19. Qe2 Qc6 20. b5 Qxe4 21. Qc4+ Qd5 22. Qxc7 Ng6 23. c4 Ne8 24. Qxb6 Qxc4 25. dxe5 Nxe5 26. Qxb7 Rb2 27. b6 Qc5 28. Qe4 Qc4 29. Rfe1 Rxb6 30. Qxc4+ Nxc4 31. Bxf4 Rxf4 32. Rxe8+ Kf7 33. Rde1 Ne5 34. Rc8 Rb2 35. Rc7+ Kf6 36. Rf1 Rc4 37. Rxc4 Nxc4 38. Ng4+ Kf7 39. Rc1 d5 40. Ne3 Nxe3 41. fxe3 Re2 42. Rc3 Ke6 43. Kh2 Ke5 44. Rc7 Rxe3 45. Rxg7 d4 46. Kg1 Ke4 47. Kf2 Kd3 48. Rc7 Kd2 49. Ra7 Rc3 50. Ra1 d3 51. g4 Rc1 52. Ra3 1/2-1/2

[Event "SVK-chT3A2 0607"]
[Site "Slovakia"]
[Date "2007.02.25"]
[Round "9"]
[White "Steinecker, Frantisek"]
[Black "Barca, Michal"]
[Result "0-1"]
[WhiteElo "1723"]
[BlackElo "1807"]
[PlyCount "75"]
[EventDate "2006.10.08"]
[EventType "team-tourn"]
[EventRounds "11"]
[EventCountry "SVK"]
[SourceTitle "EXT 2008"]
[Source "ChessBase"]
[SourceDate "2007.11.25"]
[SourceVersion "1"]
[SourceVersionDate "2007.11.25"]
[SourceQuality "1"]
[WhiteTeam "Trnava III"]
[BlackTeam "Hlohovec Junior"]
[WhiteTeamCountry "SVK"]
[BlackTeamCountry "SVK"]

1. e4 e5 2. Nf3 d6 3. d4 exd4 4. Nxd4 Nf6 5. Nc3 Be7 6. Bc4 0-0 7. Be3 c6 8. 0-0 Nbd7 9. f4 Nc5 10. Bd3 Re8 11. Nf3 d5 12. exd5 cxd5 13. Bd4 Ne6 14. Be5 Ng4 15. Ng5 Nxg5 16. Bd4 Ne6 17. Qxg4 Nxd4 18. f5 Bc5 19. Kh1 Nc6 20. Qg3 Be7 21. Rae1 Rf8 22. Re2 Nd4 23. Ref2 Bh4 24. Qg4 Bxf2 25. Rxf2 Nc6 26. Qh5 f6 27. Rd2 Qe8 28. Qd1 Ne7 29. g4 Qd8 30. Bc4 b5 31. Bxb5 Bb7 32. Rd4 Nc6 33. Bxc6 Bxc6 34. Kg1 Qb6 35. b3 Rad8 36. Ne2 Rfe8 37. Nf4 Re4 38. Qd2 0-1

[Event "SVK-chT2A 0506"]
[Site "Slovakia"]
[Date "2006.01.15"]
[Round "7.8"]
[White "Steinecker, Frantisek"]
[Black "Diviak, Rastislav"]
[Result "1-0"]
[WhiteElo "1350"]
[BlackElo "1945"]
[PlyCount "123"]
[EventDate "2005.10.22"]
[EventType "team-tourn"]
[EventRounds "11"]
[EventCountry "SVK"]
[SourceTitle "EXT 2009"]
[Source "ChessBase"]
[SourceDate "2008.11.26"]
[SourceVersion "1"]
[SourceVersionDate "2008.11.26"]
[SourceQuality "1"]

1. e4 c5 2. Nf3 d6 3. Bc4 e6 4. d4 cxd4 5. Nxd4 Nf6 6. Nc3 a6 7. Bg5 Be7 8. 0-0 0-0 9. Be3 b5 10. Bd3 Bb7 11. f3 Nbd7 12. Nce2 d5 13. Ng3 Ne5 14. Qe2 Rc8 15. exd5 Nxd5 16. Bf2 Nxd3 17. Qxd3 Qc7 18. c3 Rfd8 19. Rad1 Nf6 20. Qe2 Bd5 21. Rfe1 Qb7 22. Nb3 b4 23. Na5 Qc7 24. Qxa6 Rd6 25. Qb5 Rb8 26. Qc5 Rc6 27. Qa7 Bc5 28. Bxc5 Rxc5 29. Qxc7 Rxc7 30. cxb4 Bxa2 31. b3 Rc3 32. Ne2 Rc2 33. Rc1 Rxc1 34. Rxc1 Nd5 35. Nc6 Re8 36. Ned4 g6 37. Ra1 Nc3 38. b5 e5 39. Nb4 exd4 40. Nxa2 Rb8 41. Nxc3 dxc3 42. Rc1 Rxb5 43. Rxc3 h5 44. h4 Ra5 45. Kf2 Ra2+ 46. Kg3 Kg7 47. f4 Kf6 48. Re3 Rb2 49. Kf3 Kf5 50. g3 Kf6 51. Ke4 Ke6 52. Kd4+ Kd6 53. Kc4 Kc6 54. Rc3 Kb6 55. Kd5 Re2 56. Kd4 Kb5 57. Re3 Rb2 58. Ke5 Rc2 59. Kf6 Rc7 60. f5 gxf5 61. Kxf5 Rc5+ 62. Re5 1-0